000 01134nam a22003257a 4500
003 CHAP
005 20220329140931.0
008 971013s1995 r 00010 d
010 _a60012
011 _a60984
035 _a65148
040 _cCHAP
090 _aTesis
100 0 0 _aHernández Valero, Víctor Gerardo.
_954700
245 _aEvaluación de rendimiento de 18 variedades y 7 líneas de trigo (Triticum aestivum L.) en Anahuac, N.L. otoño invierno 1992
260 _aMarín, N.L. :
_bEl autor,
_c1995
300 _a50 h.
502 _aTesis (Ing. Agr. Fitotecnista) -- Universidad Autónoma de Nuevo León. Facultad de Agronomía
590 _aALEPH
_b10
_c20130110
_lUCH01
_h1338
590 _aBATCH-UPD
_b10
_c20130110
_lUCH01
_h0735
590 _aBATCH-UPD
_b10
_c20130410
_lUCH01
_h0418
590 _aBATCH-UPD
_b10
_c20130914
_lUCH01
_h1611
590 _aCONVERSION
_b10
_c20130109
_lUCH01
_h1332
650 1 4 _aTrigo
_xNuevo León.
_9115069
650 1 4 _aTrigo
_xRendimiento.
_9115092
650 1 4 _aTrigo
_xVariedades.
_9115119
901 _aBK
942 _cTESIS
949 _bBC
_cTES
_d-144304
_eTS1
_h28298
_i65148
_si
999 _c60012
_d60012